000 00653nam a2200217Ia 4500
003 OSt
005 20220127085545.0
008 210716s9999 xx 000 0 und d
020 _a8178814439
040 _cAIMIT LIBRARY
041 _aeng
082 _a332.12
_21
_bSUBV
100 _aSubbulakshmi, V.
_914395
245 _aBanking reform and restructuring:
_bintroduction /
_cEdited by V Subbulakshmi.
250 _a1st ed.
260 _aHyderabad:
_bICFAI University Press,
_c2005.
300 _avii,159,A15p. ;23cm.
650 _aBanking Crises and resolution
_914396
700 _aSubbulakshmi, V.
_914395
942 _2ddc
_cBK
_e1st
_k332.12 SUBV
999 _c202291
_d202291